| 000 | 01129cam a2200313 a 4500 | ||
|---|---|---|---|
| 001 | 15526021 | ||
| 005 | 20131126173754.0 | ||
| 008 | 081118s2009 nyua b 001 0 eng | ||
| 010 | _a 2008050378 | ||
| 020 | _a1572304898 (pbk. : alk. paper) | ||
| 020 | _a9781572304895 (pbk. : alk. paper) | ||
| 035 | _a(OCoLC)255890125 | ||
| 035 | _a(OCoLC)ocn255890125 | ||
| 040 |
_aDLC _cDLC _dYDX _dBTCTA _dYDXCP _dBWX _dCDX _dDLC |
||
| 050 | 0 | 0 |
_aHD72 _b.P44 1999 |
| 100 | 1 | _aPeet, Richard. | |
| 245 | 1 | 0 |
_aTheories of development _cRichard Peet, Elaine Hartwick. |
| 260 |
_aNew York : _bGuilford Press, _cc1999. |
||
| 300 |
_axii, 234 p. : _bill. ; _c23 cm. |
||
| 504 | _aIncludes bibliographical references and index. | ||
| 650 | 0 | _aEconomic development. | |
| 650 | 0 | _aDependency. | |
| 650 | 0 | _aCapitalism. | |
| 650 | 0 | _aMarxian economics. | |
| 700 | 1 |
_aHartwick, Elaine R. _q(Elaine Rachel), _d1961- |
|
| 906 |
_a7 _bcbc _corignew _d1 _eecip _f20 _gy-gencatlg |
||
| 942 |
_2lcc _cBK |
||
| 999 |
_c33372 _d33372 |
||